000 00524pam a2200181 4500
001 5126
005 20181127174835.0
008 860102s1986 mnua b 001 0 eng
010 _a 85032306
020 _a9788183555838
_c
245 1 0 _aGroup discussions :
_bpass with flying colours.
_c
250 _a1st ed.
260 _aNoida, India :
_bG.K Publication,
_c2012.
300 _a208 p. :
_bill. ;
_c25 cm.
504 _aIncludes bibliographies and indexes.
650 0 _aCommunication in small groups.
650 0 _aDiscussion.
999 _c4291
_d4291